<?xml version="1.0" encoding="UTF-8"?>
<record
    xmlns:xsi="http://www.w3.org/2001/XMLSchema-instance"
    xsi:schemaLocation="http://www.loc.gov/MARC21/slim http://www.loc.gov/standards/marcxml/schema/MARC21slim.xsd"
    xmlns="http://www.loc.gov/MARC21/slim">

  <leader>02044    a2200229   4500</leader>
  <controlfield tag="001">28198</controlfield>
  <controlfield tag="005">20260407155554.0</controlfield>
  <controlfield tag="008">260407a1963    arg                 spa d</controlfield>
  <controlfield tag="003">AR-UNSa-BCEJYS</controlfield>
  <datafield tag="040" ind1=" " ind2=" ">
    <subfield code="a">AR-UNSa-BCEJYS</subfield>
    <subfield code="b">spa</subfield>
    <subfield code="c">AR-UNSa-BCEJYS</subfield>
  </datafield>
  <datafield tag="080" ind1=" " ind2=" ">
    <subfield code="a">657</subfield>
    <subfield code="x">Contabilidad</subfield>
  </datafield>
  <datafield tag="245" ind1="1" ind2="0">
    <subfield code="a">Curso de contabilidad</subfield>
    <subfield code="p">Superior</subfield>
  </datafield>
  <datafield tag="250" ind1=" " ind2=" ">
    <subfield code="a">2a. ed</subfield>
  </datafield>
  <datafield tag="264" ind1=" " ind2="1">
    <subfield code="a">M&#xE9;xico :</subfield>
    <subfield code="b">Uni&#xF3;n Tipogr&#xE1;fica Editorial Hispano-Americana (UTEHA)</subfield>
    <subfield code="c">1963</subfield>
  </datafield>
  <datafield tag="300" ind1=" " ind2=" ">
    <subfield code="a">2v.(867; 546 p.)</subfield>
    <subfield code="c">23 cm.</subfield>
  </datafield>
  <datafield tag="505" ind1=" " ind2=" ">
    <subfield code="a">Vol. I: Teoria y preguntas y problemas: 1. Sociedades colectivas - 2. Sociedades colectivas (continuaci&#xF3;n)- 3. Sociedades colectivas (continuaci&#xF3;n) - 4. Sociedades colectivas (terminaci&#xF3;n) - 5. Especulaciones y cuentas o asociaciones en participaci&#xF3;n - 6. Consignaciones - 7. Ventas a plazos - 8. Seguros - 9. El estado de liquidaci&#xF3;n - 10. Cuentas del s&#xED;ndico o administrador judicial - 11. Informes sobre realizaci&#xF3;n y liquidaci&#xF3;n - 12. Inter&#xE9;s compuesto y anualidades. Fundamentos - 13. Inter&#xE9;s compuesto y anualidades. Aplicaciones en contabilidad - 14. Herencias y administraci&#xF3;n de bienes - 15. Herencias y administraci&#xF3;n de bienes (conclusi&#xF3;n) - 16. Contabilidad de sucursales - 17. Compa&#xF1;ia matrices y subsidiarias - 18. Compa&#xF1;ia matrices y subsidiarias (continuaci&#xF3;n) - 19. Compa&#xF1;ia matrices y subsidiarias (continuaci&#xF3;n) - 20. Compa&#xF1;ia matrices y subsidiarias (continuaci&#xF3;n) - 21. Compa&#xF1;ia matrices y subsidiarias (continuaci&#xF3;n) - 22. Compa&#xF1;ia matrices y subsidiarias (continuaci&#xF3;n) - 23. Compa&#xF1;ia matrices y subsidiarias (continuaci&#xF3;n) - 24. Compa&#xF1;ia matrices y subsidiarias (continuaci&#xF3;n) - 25. Compa&#xF1;ia matrices y subsidiarias (continuaci&#xF3;n) - 26. Compa&#xF1;ia matrices y subsidiarias (continuaci&#xF3;n) - 27. Cambio extranjero - 28. Contabilidad de las corporaciones p&#xFA;blicas  - Vol.II: Soluciones a los problemasy respuestas a las preguntas.</subfield>
  </datafield>
  <datafield tag="942" ind1=" " ind2=" ">
    <subfield code="c">BK</subfield>
  </datafield>
  <datafield tag="590" ind1=" " ind2=" ">
    <subfield code="a">niveau_biblio:m niveau_hierar:0</subfield>
  </datafield>
  <datafield tag="100" ind1="1" ind2=" ">
    <subfield code="a">Fern&#xE1;ndez Cepero, Manuel de J.</subfield>
  </datafield>
  <datafield tag="700" ind1="1" ind2=" ">
    <subfield code="a">Finney, H.A.</subfield>
  </datafield>
  <datafield tag="700" ind1="1" ind2=" ">
    <subfield code="a">Miller, Herbert E.</subfield>
  </datafield>
  <datafield tag="999" ind1=" " ind2=" ">
    <subfield code="c">1672</subfield>
    <subfield code="d">1672</subfield>
  </datafield>
  <datafield tag="952" ind1=" " ind2=" ">
    <subfield code="0">0</subfield>
    <subfield code="1">0</subfield>
    <subfield code="4">0</subfield>
    <subfield code="7">0</subfield>
    <subfield code="a">BCEJYS</subfield>
    <subfield code="b">BCEJYS</subfield>
    <subfield code="c">16</subfield>
    <subfield code="d">2026-04-07</subfield>
    <subfield code="l">0</subfield>
    <subfield code="o">657 B582 v.5 2ed.</subfield>
    <subfield code="p">L22356</subfield>
    <subfield code="r">2026-04-07 15:55:54</subfield>
    <subfield code="w">2026-04-07</subfield>
    <subfield code="y">L</subfield>
  </datafield>
  <datafield tag="952" ind1=" " ind2=" ">
    <subfield code="0">0</subfield>
    <subfield code="1">0</subfield>
    <subfield code="4">0</subfield>
    <subfield code="7">0</subfield>
    <subfield code="a">BCEJYS</subfield>
    <subfield code="b">BCEJYS</subfield>
    <subfield code="c">16</subfield>
    <subfield code="d">2026-04-07</subfield>
    <subfield code="l">0</subfield>
    <subfield code="o">657 B582 v.5 2ed.</subfield>
    <subfield code="p">L24550</subfield>
    <subfield code="r">2026-04-07 15:55:54</subfield>
    <subfield code="w">2026-04-07</subfield>
    <subfield code="y">L</subfield>
  </datafield>
  <datafield tag="952" ind1=" " ind2=" ">
    <subfield code="0">0</subfield>
    <subfield code="1">0</subfield>
    <subfield code="4">0</subfield>
    <subfield code="7">0</subfield>
    <subfield code="a">BCEJYS</subfield>
    <subfield code="b">BCEJYS</subfield>
    <subfield code="c">16</subfield>
    <subfield code="d">2026-04-07</subfield>
    <subfield code="l">0</subfield>
    <subfield code="o">657 B582 v.6 2ed.</subfield>
    <subfield code="p">L22357</subfield>
    <subfield code="r">2026-04-07 15:55:54</subfield>
    <subfield code="w">2026-04-07</subfield>
    <subfield code="y">L</subfield>
  </datafield>
  <datafield tag="952" ind1=" " ind2=" ">
    <subfield code="0">0</subfield>
    <subfield code="1">0</subfield>
    <subfield code="4">0</subfield>
    <subfield code="7">0</subfield>
    <subfield code="a">BCEJYS</subfield>
    <subfield code="b">BCEJYS</subfield>
    <subfield code="c">16</subfield>
    <subfield code="d">2026-04-07</subfield>
    <subfield code="l">0</subfield>
    <subfield code="o">657 B582 v.6 2ed.</subfield>
    <subfield code="p">L24551</subfield>
    <subfield code="r">2026-04-07 15:55:54</subfield>
    <subfield code="w">2026-04-07</subfield>
    <subfield code="y">L</subfield>
  </datafield>
  <datafield tag="952" ind1=" " ind2=" ">
    <subfield code="0">0</subfield>
    <subfield code="1">0</subfield>
    <subfield code="4">0</subfield>
    <subfield code="7">0</subfield>
    <subfield code="a">BCEJYS</subfield>
    <subfield code="b">BCEJYS</subfield>
    <subfield code="c">16</subfield>
    <subfield code="d">2026-04-07</subfield>
    <subfield code="l">0</subfield>
    <subfield code="o">657 B582 v.5 2ed.</subfield>
    <subfield code="p">L25928</subfield>
    <subfield code="r">2026-04-07 15:55:54</subfield>
    <subfield code="w">2026-04-07</subfield>
    <subfield code="y">L</subfield>
  </datafield>
  <datafield tag="952" ind1=" " ind2=" ">
    <subfield code="0">0</subfield>
    <subfield code="1">0</subfield>
    <subfield code="4">0</subfield>
    <subfield code="7">0</subfield>
    <subfield code="a">BCEJYS</subfield>
    <subfield code="b">BCEJYS</subfield>
    <subfield code="c">16</subfield>
    <subfield code="d">2026-04-07</subfield>
    <subfield code="l">0</subfield>
    <subfield code="o">657 B582 v.5 2ed.</subfield>
    <subfield code="p">L25934</subfield>
    <subfield code="r">2026-04-07 15:55:54</subfield>
    <subfield code="w">2026-04-07</subfield>
    <subfield code="y">L</subfield>
  </datafield>
  <datafield tag="952" ind1=" " ind2=" ">
    <subfield code="0">0</subfield>
    <subfield code="1">0</subfield>
    <subfield code="4">0</subfield>
    <subfield code="7">0</subfield>
    <subfield code="a">BCEJYS</subfield>
    <subfield code="b">BCEJYS</subfield>
    <subfield code="c">16</subfield>
    <subfield code="d">2026-04-07</subfield>
    <subfield code="l">0</subfield>
    <subfield code="o">657 B582 v.6 2ed.</subfield>
    <subfield code="p">L25929</subfield>
    <subfield code="r">2026-04-07 15:55:54</subfield>
    <subfield code="w">2026-04-07</subfield>
    <subfield code="y">L</subfield>
  </datafield>
  <datafield tag="952" ind1=" " ind2=" ">
    <subfield code="0">0</subfield>
    <subfield code="1">0</subfield>
    <subfield code="4">0</subfield>
    <subfield code="7">0</subfield>
    <subfield code="a">BCEJYS</subfield>
    <subfield code="b">BCEJYS</subfield>
    <subfield code="c">16</subfield>
    <subfield code="d">2026-04-07</subfield>
    <subfield code="l">0</subfield>
    <subfield code="o">657 B582 v.6 2ed.</subfield>
    <subfield code="p">L25935</subfield>
    <subfield code="r">2026-04-07 15:55:54</subfield>
    <subfield code="w">2026-04-07</subfield>
    <subfield code="y">L</subfield>
  </datafield>
</record>
